00252nam a22001097a 4500020001800000082001800018100002300036245002200059260003800081300000800119650001500127 a1788171101368 a294.59214 ARY aArya, Ravi Prakash aYajurveda Samhita aDelhibParimal Publicationsc2013 a524 aYajurveda